|
|
|
|
| LEADER |
00000nam0a2200000 4500 |
| 001 |
307483 |
| 005 |
20231102002010.0 |
| 020 |
|
|
|a RU
|b 83-64298
|
| 035 |
|
|
|a (RuTPU)RU\TPU\book\332776
|
| 090 |
|
|
|a 307483
|
| 100 |
|
|
|a 20151021d1983 km y0rusy5003 ca
|
| 101 |
0 |
|
|a rus
|
| 102 |
|
|
|a MD
|
| 105 |
|
|
|a a z 001zy
|
| 200 |
1 |
|
|a Введение в теорию экситонов большой плотности
|f С. А. Москаленко
|g Академия наук Молдавской ССР (АН МССР), Институт прикладной физики ; под ред. П. И. Хаджи, М. И. Шмиглюка
|
| 210 |
|
|
|a Кишинев
|c Штиинца
|d 1983
|
| 215 |
|
|
|a 303 с.
|c ил.
|
| 320 |
|
|
|a Библиогр.: с. 279-300
|
| 606 |
1 |
|
|a Экситоны
|x (кристаллография)
|2 stltpush
|3 (RuTPU)RU\TPU\subj\80357
|9 88082
|
| 610 |
1 |
|
|a плотность
|
| 610 |
1 |
|
|a теория
|
| 610 |
1 |
|
|a электронное строение
|
| 610 |
1 |
|
|a электронные газы
|
| 610 |
1 |
|
|a электронно-дырочные жидкости
|
| 610 |
1 |
|
|a экситон-фотонное взаимодействие
|
| 610 |
1 |
|
|a поляритоны
|
| 610 |
1 |
|
|a когерентные явления
|
| 610 |
1 |
|
|a кристаллические среды
|
| 610 |
1 |
|
|a самоиндуцированная прозрачность
|
| 610 |
1 |
|
|a солитоны
|
| 610 |
1 |
|
|a образование
|
| 675 |
|
|
|a 548.0:537
|z rus
|v 3
|
| 700 |
|
1 |
|a Москаленко
|b С. А.
|g Святослав Анатольевич
|4 070
|
| 702 |
|
1 |
|a Хаджи
|b П. И.
|4 340
|
| 702 |
|
1 |
|a Шмиглюк
|b М. И.
|4 340
|
| 712 |
0 |
2 |
|a Академия наук Молдавской ССР (АН МССР)
|b Институт прикладной физики
|c (Кишинев)
|2 stltpush
|3 (RuTPU)RU\TPU\col\11347
|
| 801 |
|
0 |
|a RU
|b RuMRKP
|c 19950704
|g psbo
|
| 801 |
|
1 |
|a RU
|b 63413507
|c 20151021
|
| 801 |
|
2 |
|a RU
|b 63413507
|c 20200908
|g RCR
|
| 942 |
|
|
|c BK
|